5x5 in 90: Mixed History Minefield Blitz Quiz Stats

 Plays Quiz Updated Oct 14, 2021

Support Sporcle.
Go Orange.
Score 0/25 Timer 01:30
1 Play Today
% Correct
???
51.3%
???
49.3%
???
48.9%
???
48.2%
???
47.6%
???
47.4%
???
45.5%
???
45.3%
???
44.7%
???
44.4%
???
43.1%
???
41%
???
40.4%
% Correct
???
39.7%
???
39%
???
38.5%
???
37.9%
???
36.4%
???
34.1%
???
32.6%
???
32.3%
???
32%
???
30.8%
???
27.6%
???
24.6%

From the Vault

Best Picture, Long Title

by MSUKent

Movies 6m
1964's "Santa Claus Conquers the Martians" is proof that a long title doesn't automatically make for a good movie.
Remove Ads.
Support Sporcle.
Get the best of Sporcle when you Go Orange. This ad-free experience offers more features, more stats, and more fun while also helping to support Sporcle. Thank you for becoming a member.

Show Comments

Extras

Top Quizzes Today


Score Distribution

Your Account Isn't Verified!

In order to create a playlist on Sporcle, you need to verify the email address you used during registration. Go to your Sporcle Settings to finish the process.

Report this User

Report this user for behavior that violates our Community Guidelines.

Details: